000 00496nam a2200169Ia 4500
999 _c27886
_d27886
003 OSt
005 20201209133751.0
008 190216s9999||||xx |||||||||||||| ||und||
040 _coclc
082 _a894.8124
_bMAR/S
100 _aMarar, Kuttikrishna
_97066
245 0 _aSahithya Veekshanam /
_cKuttikrishna Marar
260 _bMarar Sahithya Prakasam,
_aKozhikode:
_c1999.
300 _a92p
650 _aLekhanam
942 _cBK
_2ddc
_h894.8124
_iMAR/S
_k894.8124
_mMAR/S